Mario Party Superstars Minigames - Statistics

General Stats
  • This quiz has been taken 68 times
  • The average score is 50 of 100
Answer Stats
Game Answer % Correct
MP3 Mario's Puzzle Party
72%
MP8 Paint Misbehavin'
72%
MP2 Bumper Balls
70%
MP Bobsled Run
67%
MP2 Bowser's Big Blast
67%
MP4 Dungeon Duos
67%
MP Bombs Away
65%
MP4 Booksquirm
65%
MP Mushroom Mix-Up
65%
MP Shy Guy Says
65%
MP Face-Lift
63%
MP9 Goomba Spotting
63%
MP Piranha's Pursuit
63%
MP10 Rapid River Race
63%
MP2 Roll Call
63%
MP3 Vine With Me
63%
MP Crazy Cutters
60%
MP3 Hide and Sneak
60%
MP6 Mass Meteor
60%
MP5 Pushy Penguins
60%
MP3 River Raiders
60%
MP6 X-Ray Payday
60%
MP Cast Aways
58%
MP Handcar Havoc
58%
MP3 Motor Rooter
58%
MP7 Pokey Pummel
58%
MP9 Shell Soccer
58%
MP7 Spin Doctor
58%
MP7 Stick and Spin
58%
MP Tug o' War
58%
MP2 Hot Rope Jump
56%
MP2 Look Away
56%
MP9 Manor of Escape
56%
MP7 Pogo-a-Go-Go
56%
MP9 Tackle Takedown
56%
MP8 Winner or Dinner
56%
MP2 Archer-ival
53%
MP6 Dark 'n' Crispy
53%
MP2 Dungeon Dash
53%
MP2 Honeycomb Havoc
53%
MP5 Ice Hockey
53%
MP5 Later Skater
53%
MP2 Mecha Marathon
53%
MP3 Mush Pit
53%
MP3 Parasol Plummet
53%
MP5 Squared Away
53%
MP2 Balloon Burst
51%
MP4 Beach Volley Folly
51%
MP3 Cheep Cheep Chase
51%
MP Hammer Drop
51%
MP5 Leaf Leap
51%
MP2 Quicksand Cache
51%
MP3 Rockin' Raceway
51%
MP6 Rocky Road
51%
MP10 Skewer Scurry
51%
MP2 Speed Hockey
51%
MP3 Chip Shot Challenge
49%
MP3 Eatsa Pizza
49%
MP4 Money Belts
49%
MP6 Pit Boss
49%
MP2 Sneak 'n' Snore
49%
MP2 Tread Carefully
49%
MP6 What Goes Up...
49%
MP3 Boulder Ball
47%
MP6 Burnstile
47%
MP5 Night-Light Fright
47%
MP3 Picking Panic
47%
MP3 Puddle Paddle
47%
MP4 Revers-a-Bomb
47%
MP3 Ticktock Hop
47%
MP4 Trace Race
47%
MP6 Block Star
44%
MP6 Catch You letter
44%
MP3 Snowball Summit
44%
MP3 Spotlight Swim
44%
MP2 Bumper Balloon Cars
42%
MP Tipsy Tourney
42%
MP6 Cashapult
40%
MP5 Coney Island
40%
MP3 Ice-Rink Risk
40%
MP2 Sky Pilots
40%
MP3 Tidal Toss
40%
MP2 Cake Factory
37%
MP10 Flash Forward
37%
MP4 GOAL!
37%
MP4 Paths of Peril
37%
MP7 The Final Countdown
37%
MP3 Etch 'n' Catch
35%
MP3 Messy Memory
35%
MP2 Slot-Car Derby
35%
MP2 Dizzy Dancing
33%
MP6 Snow Whirled
33%
MP7 Monty's Revenge
30%
MP5 Bill Blasters
28%
MP3 Bounce 'n' Trounce
28%
MP3 Coconut Conk
28%
MP6 Trap Ease Artist
26%
MP5 Tube It or Lose It
23%
MP3 Storm Chasers
21%
MP5 Dinger Derby
19%
No matching quizzes found
Score Distribution
Percent of People with Each Score
Percentile by Number Answered
Your Score History
You have not taken this quiz